000 01086nam a22002537a 4500
005 20170720020001.0
008 120412s2010 ck ab gr 000 0 spa d
015 _ack-2010-xxxx
020 _a9789588554136
041 0 _aspa
043 _as-ck---
082 0 4 _a333.9516
_bL346b
245 0 0 _aBiodiversidad de la cuenca del Orinoco :
_bbases científicas para la identificación de áreas prioritarias para la conservación y uso sostenible de la biodiversidad /
_c editado por Carlos A. Lasso ... [et al.].
260 _aBogotá :
_bInstituto de Investigación de Recursos Biológicos Alexander von Humboldt :
_c2010.
300 _a609 p. :
_bil., mapas ;
_c28 cm.
650 4 _aConservación de la diversidad biológica
_z Orinoquía (Colombia)
_9362
650 4 _aGestión ambiental
_z Orinoquía (Colombia)
_9363
650 4 _aEspecies en peligro
_z Orinoquía (Colombia)
_9364
700 1 _aLasso, Carlos A.,
_eed.
_9242
700 1 _aUsma, José S.,
_eed.
_9365
700 1 _aTrujillo, Fernando,
_eed.
_9366
700 1 _aRial, Anabel,
_eed.
_9367
942 _2ddc
_cIMPRESO
_08
999 _c7350
_d7350